000 00698nam a22002177a 4500
005 20251108165806.0
008 250721s1988 xx 000 0 ara d
082 1 4 _aط/211.81/محا
100 1 _aالمحامي، محمد كامل حسن
245 1 0 _aالشرارة الهائلة /
264 1 _aبيروت :
_bالمكتب العالمي للطباعة،
_c[1988].
300 _a101ص
490 0 _aقصص من القرآن الكريم
650 1 7 _aقصص القرآن
650 1 7 _aالأنبياء
650 1 7 _aالمعجزات
653 _aناشئون صغار (10-14) سنة
653 _aمحمد صلى الله عليه و سلم
942 _2ddc
_cBK
999 _c31416
_d31416